| Tag |
First Indicator |
Second Indicator |
Subfields |
| LEADER |
00000cam a2200000 4500 |
| 001 |
in00000060991 |
| 005 |
20151008051051.0 |
| 008 |
721108s1963 eng u |
| 010 |
|
|
|a 63022839
|
| 035 |
|
|
|a (OCoLC)00489834
|
| 035 |
|
|
|9 AAG5461AM
|
| 040 |
|
|
|c TOL
|d TXA
|d UtOrBLW
|
| 049 |
|
|
|a TXAM
|c [404144]
|
| 050 |
0 |
0 |
|a BL60
|b .W37
|
| 092 |
|
|
|a 201.6
|b W346t
|
| 100 |
1 |
|
|a Watt, W. Montgomery
|q (William Montgomery)
|
| 245 |
1 |
0 |
|a Truth in the religions :
|b a sociological and psychological approach.
|
| 264 |
|
1 |
|a Edinburgh :
|b University Press; [U.S. & Canadian agent: Aldine Pub. Co., Chicago],
|c [1963]
|
| 300 |
|
|
|a viii, 190 pages ;
|c 24 cm.
|
| 336 |
|
|
|a text
|b txt
|2 rdacontent
|
| 337 |
|
|
|a unmediated
|b n
|2 rdamedia
|
| 338 |
|
|
|a volume
|b nc
|2 rdacarrier
|
| 504 |
|
|
|a Bibliographical references included in "Notes" (pages [176]-179).
|
| 650 |
|
0 |
|a Religion and sociology.
|
| 650 |
|
0 |
|a Psychology, Religious.
|
| 999 |
|
|
|a MARS
|
| 999 |
f |
f |
|s 1322ec71-3946-36dd-85e0-124e5bb871ba
|i 93150532-934d-375e-a1ef-fd95445ca753
|t 0
|
| 952 |
f |
f |
|p ric
|a Texas A&M University
|b Rellis Campus
|c Joint Library Facility
|d Remote Storage
|t 0
|e BL60 .W37
|h Library of Congress classification
|i unmediated -- volume
|m A14800598775
|
| 998 |
f |
f |
|a BL60 .W37
|t 0
|l Remote Storage
|